[Event "Junior Online 4NCL Division 4"]
[Site "online"]
[Date "2020.05.21"]
[Round "6.47"]
[White "Vaidyanathan, Adithya"]
[Black "Eradi, Madhav"]
[Result "0-1"]
[WhiteElo "1315"]
[BlackElo "1225"]
[PlyCount "142"]
[EventDate "2020.05.21"]
[WhiteTeam "Warwickshire Bears D"]
[BlackTeam "Leicestershire Juniors 2"]

1. c4 d6 2. b3 e5 3. Bb2 Bf5 4. d3 g6 5. e4 Be6 6. Nf3 Bh6 7. h3 Nf6 8. Nc3 O-O
9. Nd5 Nxd5 10. exd5 Bf5 11. Be2 c6 12. dxc6 Nxc6 13. O-O Re8 14. d4 e4 15. Nd2
d5 16. Rc1 Rc8 17. cxd5 Qxd5 18. Bc4 Qd7 19. d5 Nb4 20. a3 Nxd5 21. Bxd5 Qxd5
22. Rxc8 Rxc8 23. Nc4 Qxd1 24. Rxd1 Bg7 25. Bxg7 Kxg7 26. Rd5 Kf6 27. g4 Be6
28. g5+ Ke7 29. Re5 Kd7 30. Rxe4 Bxh3 31. Rh4 Be6 32. Rxh7 b5 33. Ne5+ Ke7 34.
Nxg6+ Kd6 35. Nf4 Bxb3 36. Rh6+ Ke5 37. Nd3+ Kd4 38. Nb4 Rg8 39. Rh3 Rxg5+ 40.
Kf1 Bc4+ 41. Ke1 Rg1+ 42. Kd2 Rf1 43. Rh4+ Kc5 44. Rf4 Kb6 45. Nc2 Ka5 46. Ne3
Ra1 47. Nxc4+ bxc4 48. Rxc4 Rxa3 49. Rc7 Ra2+ 50. Ke3 Ra3+ 51. Kf4 Ra4+ 52. Kf5
Kb6 53. Rxf7 Ra2 54. Ke4 Rc2 55. Kd3 Rc6 56. f4 a5 57. f5 a4 58. f6 a3 59. Rd7
a2 60. f7 Rf6 61. Rd6+ Rxd6+ 62. Kc4 Rf6 63. Kb3 a1=Q 64. f8=Q Rxf8 65. Kc4
Rc8+ 66. Kd5 Qd1+ 67. Ke6 Re8+ 68. Kf7 Re2 69. Kg6 Qf1 70. Kg5 Rg2+ 71. Kh4
Qh1# 0-1

[Event "Junior Online 4NCL Division 4"]
[Site "online"]
[Date "2020.05.21"]
[Round "6.48"]
[White "Masood, Rameen"]
[Black "Vaidyanathan, Sathya"]
[Result "1/2-1/2"]
[WhiteElo "1097"]
[BlackElo "1292"]
[PlyCount "55"]
[EventDate "2020.05.21"]
[WhiteTeam "Leicestershire Juniors 2"]
[BlackTeam "Warwickshire Bears D"]

1. e4 e5 2. Nf3 Nc6 3. Nc3 Nf6 4. d4 exd4 5. Nxd4 Nxd4 6. Qxd4 c5 7. Qe5+ Qe7
8. Qxe7+ Bxe7 9. Bb5 a6 10. Ba4 b5 11. Bxb5 axb5 12. Nxb5 O-O 13. e5 Nd5 14.
O-O Ba6 15. c4 Nb6 16. b3 Bxb5 17. cxb5 d6 18. Bf4 dxe5 19. Bxe5 Bf6 20. Rfe1
Rfe8 21. Bxf6 gxf6 22. Rxe8+ Rxe8 23. Kf1 c4 24. Re1 Rb8 25. bxc4 Nxc4 26. a4
Kg7 27. Ra1 Ra8 28. Ke2 1/2-1/2

[Event "Junior Online 4NCL Division 4"]
[Site "online"]
[Date "2020.05.21"]
[Round "6.51"]
[White "Masacorale, Jamie"]
[Black "Demjan, Denisz"]
[Result "1-0"]
[WhiteElo "1457"]
[BlackElo "1345"]
[PlyCount "115"]
[EventDate "2020.05.21"]
[WhiteTeam "Ojays E"]
[BlackTeam "Watford 2"]

1. d4 d5 2. Nf3 Nf6 3. Bf4 e6 4. e3 Bb4+ 5. c3 Bd6 6. Bg3 Bxg3 7. hxg3 Nc6 8.
Bb5 Bd7 9. Nbd2 a6 10. Bd3 Qe7 11. Qc2 O-O-O 12. O-O-O h6 13. Nb3 e5 14. dxe5
Nxe5 15. Nxe5 Qxe5 16. Nc5 Kb8 17. Qb3 Bc6 18. Nxa6+ Kc8 19. Nc5 Qe7 20. Bf5+
Nd7 21. Bxd7+ Rxd7 22. Nxd7 Qxd7 23. Qa3 b6 24. Qb4 Kb7 25. Rd4 g5 26. Rhd1 Qe6
27. Qb3 Rd8 28. e4 f5 29. exd5 Bxd5 30. Rxd5 Re8 31. Rd8 Qxb3 32. axb3 Rxd8 33.
Rxd8 Kc6 34. Rh8 Kd5 35. Rxh6 Ke4 36. Kd2 f4 37. gxf4 gxf4 38. Rc6 f3 39. gxf3+
Kxf3 40. Rxc7 Kxf2 41. Rb7 Kf3 42. Rxb6 Ke4 43. Rd6 Ke5 44. Rd3 Ke6 45. b4 Ke7
46. b5 Ke6 47. b6 Ke7 48. b7 Ke6 49. b8=Q Ke7 50. Qc7+ Ke6 51. Qd6+ Kf5 52. Re3
Kg4 53. Qf6 Kh5 54. Rh3+ Kg4 55. Qf3+ Kg5 56. Rg3+ Kh4 57. Qf4+ Kh5 58. Qg5#
1-0

[Event "Junior Online 4NCL Division 4"]
[Site "online"]
[Date "2020.05.21"]
[Round "6.52"]
[White "Chan, Daniel"]
[Black "Kroening, Alexander"]
[Result "1-0"]
[WhiteElo "1412"]
[BlackElo "1435"]
[PlyCount "39"]
[EventDate "2020.05.21"]
[WhiteTeam "Watford 2"]
[BlackTeam "Ojays E"]

1. e4 e5 2. Nf3 Nc6 3. Nc3 Nf6 4. d4 exd4 5. Nxd4 Nxd4 6. Qxd4 d6 7. Bc4 Be7 8.
Bf4 Bd7 9. O-O-O O-O 10. e5 dxe5 11. Bxe5 c5 12. Qf4 Re8 13. Ne4 Rf8 14. Bxf6
Bxf6 15. Nxf6+ gxf6 16. Rd3 Kh8 17. Rhd1 Qa5 18. Qxf6+ Kg8 19. Rg3+ Bg4 20.
Rxg4# 1-0

[Event "Junior Online 4NCL Division 4"]
[Site "online"]
[Date "2020.05.21"]
[Round "6.53"]
[White "Li, Evan"]
[Black "Hurrell, Theo DR"]
[Result "0-1"]
[WhiteElo "1435"]
[BlackElo "1375"]
[PlyCount "65"]
[EventDate "2020.05.21"]
[WhiteTeam "Ojays E"]
[BlackTeam "Watford 2"]

1. e4 e5 2. Nf3 Nc6 3. Bc4 Nf6 4. Ng5 d5 5. exd5 Na5 6. Bb5+ Bd7 7. Be2 Nxd5 8.
Nf3 e4 9. Ne5 Bd6 10. Nxd7 Qxd7 11. c4 Nf4 12. O-O Nxe2+ 13. Qxe2 O-O-O 14. b4
Bxb4 15. Qxe4 Bd6 16. Bb2 Rhe8 17. Qxh7 Rh8 18. Qc2 Bxh2+ 19. Kh1 Qc6 20. Qf5+
Qd7 21. Qxa5 Be5+ 22. Kg1 Bxb2 23. Na3 Bxa1 24. Rxa1 a6 25. Rd1 Qd6 26. Qf5+
Rd7 27. c5 Qh2+ 28. Kf1 Qh1+ 29. Ke2 Re8+ 30. Kf3 Qxd1+ 31. Kg3 Qxd2 32. Nc4
Qd3+ 33. Ne3 0-1

[Event "Junior Online 4NCL Division 4"]
[Site "online"]
[Date "2020.05.21"]
[Round "6.54"]
[White "Chadha, Ishaan"]
[Black "Zeng, Rosa"]
[Result "1-0"]
[WhiteElo "1262"]
[BlackElo "1412"]
[PlyCount "115"]
[EventDate "2020.05.21"]
[WhiteTeam "Watford 2"]
[BlackTeam "Ojays E"]

1. e4 e5 2. Nf3 Nc6 3. Nc3 Bc5 4. Bc4 Nf6 5. h3 O-O 6. d3 d6 7. O-O Be6 8. Be3
Bd4 9. Bxd4 Nxd4 10. Nxd4 exd4 11. Ne2 d5 12. Bb3 c5 13. c4 dxc3 14. bxc3 Rc8
15. Nf4 Qd6 16. Qf3 Rfe8 17. exd5 Bf5 18. Rfe1 h6 19. Ba4 Re5 20. Rxe5 Qxe5 21.
Rb1 b6 22. Rd1 Rd8 23. d4 Qe4 24. Qxe4 Bxe4 25. Bb3 Nxd5 26. Nxd5 Bxd5 27. c4
Be4 28. f3 Bf5 29. d5 g6 30. g4 Bc8 31. Bc2 Kg7 32. Be4 Ba6 33. Bd3 Kf6 34. Re1
Rd6 35. Re4 Kg7 36. Re7 b5 37. cxb5 Bxb5 38. Bxb5 Rxd5 39. Rxa7 Rd1+ 40. Kf2
Rb1 41. Bd3 Rb2+ 42. Be2 c4 43. Ke1 c3 44. Rc7 c2 45. a4 Ra2 46. a5 Ra1+ 47.
Kd2 c1=Q+ 48. Rxc1 Rxa5 49. f4 Rd5+ 50. Ke1 Rd4 51. f5 gxf5 52. gxf5 Re4 53.
Rc6 Rf4 54. Bd3 Rf3 55. Ke2 Rf4 56. Ke3 Rb4 57. f6+ Kh8 58. Rc8# 1-0

[Event "Junior Online 4NCL Division 4"]
[Site "online"]
[Date "2020.05.21"]
[Round "6.55"]
[White "Demjan, Denisz"]
[Black "Masacorale, Jamie"]
[Result "0-1"]
[WhiteElo "1345"]
[BlackElo "1457"]
[PlyCount "116"]
[EventDate "2020.05.21"]
[WhiteTeam "Watford 2"]
[BlackTeam "Ojays E"]

1. Nf3 d5 2. d4 Nf6 3. Nc3 Bf5 4. Bg5 Ne4 5. Nxe4 Bxe4 6. e3 h6 7. Bf4 Nc6 8.
Bd3 Bxd3 9. Qxd3 e6 10. Ne5 Nxe5 11. Bxe5 f6 12. Bg3 f5 13. Qc3 Bd6 14. Bxd6
Qxd6 15. O-O O-O 16. Qd3 Rf6 17. f4 Rc8 18. c4 c5 19. cxd5 Qxd5 20. Rac1 c4 21.
Qe2 b5 22. b3 Rff8 23. Qb2 Qe4 24. Qe2 a6 25. Rf3 c3 26. a3 Rc6 27. Kf2 Rfc8
28. Rg3 c2 29. Qh5 Qd3 30. Qe2 Qxb3 31. e4 Qb2 32. Qd2 Qb1 33. Re3 Qb2 34. g3
Rc4 35. Rd3 a5 36. e5 b4 37. a4 b3 38. Qe3 Rxa4 39. Rxb3 Qxd4 40. Qxd4 Rxd4 41.
Ke2 a4 42. Ra3 Rb4 43. Kd2 Rd4+ 44. Ke3 Rd1 45. Raa1 Rxc1 46. Rxc1 a3 47. Kd2
a2 48. h4 Kf7 49. Kd3 a1=Q 50. Rxa1 c1=Q 51. Rxc1 Rxc1 52. Kd4 Rg1 53. Ke3
Rxg3+ 54. Kf2 Rh3 55. Kg2 Rxh4 56. Kg3 Rg4+ 57. Kf3 g5 58. Ke3 Rxf4 0-1

[Event "Junior Online 4NCL Division 4"]
[Site "online"]
[Date "2020.05.21"]
[Round "6.56"]
[White "Kroening, Alexander"]
[Black "Chan, Daniel"]
[Result "0-1"]
[WhiteElo "1435"]
[BlackElo "1412"]
[PlyCount "82"]
[EventDate "2020.05.21"]
[WhiteTeam "Ojays E"]
[BlackTeam "Watford 2"]

1. e4 c6 2. d4 d5 3. exd5 cxd5 4. Nf3 Nc6 5. Nc3 Bg4 6. h3 Bh5 7. Be2 Nf6 8.
Ne5 Bxe2 9. Qxe2 Nxd4 10. Qd3 Nc6 11. Nxc6 bxc6 12. Qa6 Qd7 13. Be3 Rd8 14. Bc5
e5 15. Bxf8 Rxf8 16. O-O-O Rh8 17. Rhe1 Qc7 18. f4 e4 19. Na4 Kf8 20. c4 Qxf4+
21. Kb1 Qc7 22. cxd5 cxd5 23. Nc3 Ke7 24. Qa3+ Ke8 25. Qa4+ Kf8 26. Qa3+ Kg8
27. Rc1 Qb6 28. Na4 Qb8 29. Qe7 Rd7 30. Qa3 h6 31. b3 h5 32. h4 g6 33. g3 Kg7
34. Red1 Qxg3 35. Rc2 e3 36. Rdc1 d4 37. Nb2 d3 38. Rc8 d2 39. Rd1 Rxc8 40. Ka1
Rc1+ 41. Rxc1 dxc1=R# 0-1

[Event "Junior Online 4NCL Division 4"]
[Site "online"]
[Date "2020.05.21"]
[Round "6.57"]
[White "Hurrell, Theo DR"]
[Black "Li, Evan"]
[Result "1-0"]
[WhiteElo "1375"]
[BlackElo "1435"]
[PlyCount "37"]
[EventDate "2020.05.21"]
[WhiteTeam "Watford 2"]
[BlackTeam "Ojays E"]

1. e4 c5 2. Nf3 Nc6 3. Nc3 e6 4. Bc4 a6 5. d3 b5 6. Bb3 g6 7. Bg5 Qb6 8. O-O
Bg7 9. Qd2 Nge7 10. e5 O-O 11. Bf6 Bb7 12. a3 Rfd8 13. Rfe1 d5 14. exd6 Rxd6
15. Bxg7 Kxg7 16. Qf4 Rad8 17. Ng5 f5 18. Nxe6+ Kf6 19. Qg5+ 1-0

[Event "Junior Online 4NCL Division 4"]
[Site "online"]
[Date "2020.05.21"]
[Round "6.58"]
[White "Zeng, Rosa"]
[Black "Chadha, Ishaan"]
[Result "1-0"]
[WhiteElo "1412"]
[BlackElo "1262"]
[PlyCount "115"]
[EventDate "2020.05.21"]
[WhiteTeam "Ojays E"]
[BlackTeam "Watford 2"]

1. e4 e5 2. Nc3 Nf6 3. Nf3 Nc6 4. Bc4 h6 5. d4 d6 6. d5 Ne7 7. Be3 Bg4 8. h3
Bh5 9. Qe2 a6 10. O-O-O g5 11. Qd2 Bg7 12. g4 Bg6 13. Rdg1 O-O 14. h4 c6 15.
hxg5 hxg5 16. Bxg5 b5 17. Bxf6 Bxf6 18. Bb3 c5 19. a3 Qd7 20. Rh2 Rfd8 21. g5
Bg7 22. Nh4 Kf8 23. Nxg6+ Nxg6 24. Rgh1 c4 25. Ba2 Qg4 26. Ne2 Qxe4 27. Ng3 Qg4
28. Rh7 Qf3 29. Qe3 Qxd5 30. Nf5 Qc6 31. Rxg7 Qxh1+ 32. Kd2 Qd5+ 33. Kc1 Qe6
34. Nh6 Ke7 35. Rxf7+ Ke8 36. Qb6 Rd7 37. Qc6 Raa7 38. Qc8+ Rd8 39. Qxe6+ Re7
40. Qxg6 Kd7 41. Qf6 Rde8 42. Nf5 Rxf7 43. Qxf7+ Kd8 44. Nxd6 Re7 45. Qf8+ Kd7
46. Qf6 Re6 47. Qf7+ Re7 48. Qd5 e4 49. Nf5+ Ke8 50. Nxe7 Kxe7 51. Qb7+ Ke6 52.
Qxa6+ Kf7 53. Qxb5 Kg6 54. Bxc4 Kg7 55. Qe5+ Kg6 56. Qf6+ Kh5 57. Be2+ Kh4 58.
Qh6# 1-0

[Event "Junior Online 4NCL Division 4"]
[Site "online"]
[Date "2020.05.21"]
[Round "6.63"]
[White "Golding, James"]
[Black "Tathare, Rohan"]
[Result "0-1"]
[WhiteElo "1337"]
[BlackElo "1285"]
[PlyCount "100"]
[EventDate "2020.05.21"]
[WhiteTeam "Robin Hoods 2"]
[BlackTeam "Watford 3"]

1. e4 d5 2. d3 dxe4 3. dxe4 Qxd1+ 4. Kxd1 Nc6 5. Nc3 e5 6. Nf3 Nf6 7. Bd3 Bg4
8. h3 Bxf3+ 9. gxf3 Bb4 10. a3 Bxc3 11. bxc3 O-O 12. Bg5 Nh5 13. Rg1 Nf4 14.
Bxf4 exf4 15. h4 Rad8 16. h5 h6 17. Rb1 b6 18. Rb5 Rfe8 19. Rb4 Nxb4 20. axb4
c5 21. Rg4 c4 22. Kd2 cxd3 23. cxd3 a5 24. bxa5 bxa5 25. Kc2 a4 26. d4 Ra8 27.
Kb2 a3+ 28. Ka2 Reb8 29. Rxf4 Rb2+ 30. Ka1 Rxf2 31. Rh4 a2 32. Rh1 Rxf3 33. c4
Rd3 34. d5 Rc3 35. c5 Rxc5 36. Rd1 Kf8 37. d6 Ke8 38. d7+ Kd8 39. e5 Rc7 40.
Kb2 Rxd7 41. Rxd7+ Kxd7 42. Ka1 Ke6 43. Kb2 Kxe5 44. Ka1 Kf5 45. Kb2 a1=Q+ 46.
Kc2 Rd8 47. Kb3 Qd4 48. Kc2 Qc5+ 49. Kb3 Rb8+ 50. Ka4 Qa7# 0-1

[Event "Junior Online 4NCL Division 4"]
[Site "online"]
[Date "2020.05.21"]
[Round "6.64"]
[White "Keerthi Kumar, Advait"]
[Black "Wang, Nathaniel"]
[Result "1-0"]
[WhiteElo "1202"]
[BlackElo "1202"]
[PlyCount "77"]
[EventDate "2020.05.21"]
[WhiteTeam "Watford 3"]
[BlackTeam "Robin Hoods 2"]

1. e4 c5 2. c3 d6 3. d4 cxd4 4. cxd4 Nf6 5. Nc3 g6 6. Nf3 Bg7 7. Bb5+ Bd7 8.
Be2 Nc6 9. O-O O-O 10. d5 Ne5 11. Nxe5 dxe5 12. Bg5 Qc7 13. Rc1 Qd6 14. Nb5 Qb6
15. Nc3 Rac8 16. Be3 Qxb2 17. Qd2 Qb3 18. axb3 Rfe8 19. f3 e6 20. dxe6 Rxe6 21.
Bg5 Rd8 22. Bxf6 Rxf6 23. Qg5 Re8 24. Nd5 Rfe6 25. Nc7 h6 26. Qg3 Rd6 27. Nxe8
Bxe8 28. Rc8 Re6 29. Bb5 Kf8 30. Rd1 Bf6 31. Qh3 Re7 32. Rdd8 Kg7 33. Rxe8 Rxe8
34. Rxe8 a6 35. Bc4 b6 36. Qd7 h5 37. Qxf7+ Kh6 38. Qxf6 h4 39. Rh8# 1-0

[Event "Junior Online 4NCL Division 4"]
[Site "online"]
[Date "2020.05.21"]
[Round "6.67"]
[White "Tathare, Rohan"]
[Black "Golding, James"]
[Result "1-0"]
[WhiteElo "1285"]
[BlackElo "1337"]
[PlyCount "57"]
[EventDate "2020.05.21"]
[WhiteTeam "Watford 3"]
[BlackTeam "Robin Hoods 2"]

1. d4 d5 2. c4 Nf6 3. Nc3 Nc6 4. Nf3 Bf5 5. Bg5 e6 6. e3 h6 7. Bh4 g5 8. Bg3
Bd6 9. Bxd6 Qxd6 10. c5 Qd7 11. Bb5 a6 12. Ne5 Qe7 13. Nxc6 bxc6 14. Bxc6+ Nd7
15. Bxa8 Qd8 16. Bc6 Be4 17. Nxe4 dxe4 18. Qa4 Ke7 19. Bxd7 Qxd7 20. Qxd7+ Kxd7
21. O-O Rg8 22. a4 g4 23. b4 h5 24. b5 axb5 25. axb5 h4 26. Ra7 g3 27. fxg3
hxg3 28. Rxf7+ Kd8 29. Ra8# 1-0

[Event "Junior Online 4NCL Division 4"]
[Site "online"]
[Date "2020.05.21"]
[Round "6.68"]
[White "Wang, Nathaniel"]
[Black "Keerthi Kumar, Advait"]
[Result "1/2-1/2"]
[WhiteElo "1202"]
[BlackElo "1202"]
[PlyCount "105"]
[EventDate "2020.05.21"]
[WhiteTeam "Robin Hoods 2"]
[BlackTeam "Watford 3"]

1. e4 e5 2. Nf3 Nc6 3. d4 exd4 4. Bc4 Be7 5. O-O Nf6 6. e5 Ne4 7. Re1 Nc5 8. c3
dxc3 9. Nxc3 O-O 10. b3 d6 11. Bb2 Bg4 12. Rc1 Nxe5 13. b4 Ne6 14. Nd5 Bg5 15.
Rc2 Nxf3+ 16. gxf3 Bh5 17. Bb3 Bh4 18. Kf1 Ng5 19. Qd4 Ne6 20. Rxe6 f6 21. Ne7+
Kh8 22. Qxh4 Bf7 23. Rce2 Bxe6 24. Ng6+ Kg8 25. Bxe6+ Rf7 26. Bxf7+ Kxf7 27.
Qxh7 Qd7 28. Re7+ Qxe7 29. Nxe7 Kxe7 30. Qxg7+ Ke6 31. Qxf6+ Kd7 32. Qf7+ Kc6
33. a4 Rd8 34. b5+ Kb6 35. a5+ Kxb5 36. Qd5+ Ka6 37. Qc4+ Kxa5 38. Qxc7+ Ka6
39. Qxd8 b5 40. Qxd6+ Ka5 41. Qa3+ Kb6 42. Bd4+ Kc6 43. Qc5+ Kb7 44. Qxa7+ Kc6
45. Qc5+ Kd7 46. Qxb5+ Ke6 47. Qe5+ Kd7 48. Qd5+ Kc7 49. f4 Kb8 50. f5 Kc7 51.
f6 Kc8 52. f7 Kc7 53. f8=Q 1/2-1/2

[Event "Junior Online 4NCL Division 4"]
[Site "online"]
[Date "2020.05.21"]
[Round "6.71"]
[White "Babu, Rohan"]
[Black "Cham, Alex"]
[Result "0-1"]
[WhiteElo "1255"]
[BlackElo "1307"]
[PlyCount "92"]
[EventDate "2020.05.21"]
[WhiteTeam "Robin Hoods 3"]
[BlackTeam "St Albans Early Knights 3"]

1. e4 c6 2. d4 d5 3. Nc3 Nf6 4. e5 Ng8 5. Nf3 Bf5 6. Bf4 e6 7. Bg5 f6 8. exf6
Nxf6 9. Ne5 Bd6 10. Qh5+ g6 11. Qh6 Bxc2 12. Qg7 Rf8 13. Be2 Qe7 14. Bxf6 Rxf6
15. Qh6 Nd7 16. Ng4 Rf7 17. O-O O-O-O 18. Rfe1 Rdf8 19. Rac1 Bf5 20. Ne3 Nf6
21. Nxf5 exf5 22. Ba6 Qc7 23. Bd3 Bf4 24. Qh3 Bxc1 25. Rxc1 Ng4 26. Nxd5 Qd6
27. Nc3 Qxd4 28. Nb5 Qxf2+ 29. Kh1 Qxb2 30. Rb1 Nf2+ 31. Kg1 Nxh3+ 32. gxh3
Qxb1+ 33. Bxb1 cxb5 34. a3 f4 35. Ba2 Rf6 36. Kf2 h5 37. Kf3 g5 38. Bb1 g4+ 39.
hxg4 hxg4+ 40. Kxg4 f3 41. Bd3 f2 42. Kg3 f1=Q 43. Bxf1 Rxf1 44. Kg2 R1f7 45.
Kg1 Rg7+ 46. Kh1 Rf1# 0-1

[Event "Junior Online 4NCL Division 4"]
[Site "online"]
[Date "2020.05.21"]
[Round "6.72"]
[White "Ravithas, Abinash"]
[Black "Humphreys, Benjamin"]
[Result "1-0"]
[WhiteElo "1285"]
[BlackElo "1255"]
[PlyCount "69"]
[EventDate "2020.05.21"]
[WhiteTeam "St Albans Early Knights 3"]
[BlackTeam "Robin Hoods 3"]

1. e4 b6 2. d4 Bb7 3. Nc3 g6 4. Nf3 Bg7 5. Bf4 Nf6 6. Bd3 O-O 7. O-O c6 8. Bc4
d5 9. exd5 cxd5 10. Bb3 Nc6 11. Bg5 e6 12. Ne5 Qd6 13. Nb5 Qb4 14. Nxc6 Qxb5
15. Ne5 Nd7 16. a4 Qa5 17. Nxd7 Rfd8 18. Bxd8 Rxd8 19. Ne5 Bxe5 20. dxe5 Ba6
21. c4 b5 22. axb5 Qc7 23. Rxa6 dxc4 24. Rxa7 Qb6 25. Ra6 Qc7 26. Rd6 Rxd6 27.
Qxd6 Qxd6 28. exd6 cxb3 29. d7 Kf8 30. d8=Q+ Kg7 31. b6 Kh6 32. b7 f5 33. b8=Q
Kh5 34. Qf4 h6 35. Qdh4# 1-0

[Event "Junior Online 4NCL Division 4"]
[Site "online"]
[Date "2020.05.21"]
[Round "6.73"]
[White "Krasnov, Maksim"]
[Black "Owladi, Dara"]
[Result "1-0"]
[WhiteElo "1247"]
[BlackElo "1277"]
[PlyCount "53"]
[EventDate "2020.05.21"]
[WhiteTeam "Robin Hoods 3"]
[BlackTeam "St Albans Early Knights 3"]

1. e4 e5 2. Nf3 Nc6 3. Bc4 Bc5 4. Nc3 Nf6 5. d3 h6 6. Be3 Bb6 7. d4 exd4 8.
Nxd4 O-O 9. Nxc6 bxc6 10. Bxb6 cxb6 11. O-O Bb7 12. e5 Nh7 13. Re1 b5 14. Bb3
a5 15. a3 a4 16. Ba2 Re8 17. Ne4 Rxe5 18. Nd6 Rxe1+ 19. Qxe1 Qc7 20. Qe7 Rf8
21. Bxf7+ Kh8 22. Bg6 Rb8 23. Nf7+ Kg8 24. Nxh6+ Kh8 25. Nf5 Rg8 26. Qh4 Qb6
27. Qxh7# 1-0

[Event "Junior Online 4NCL Division 4"]
[Site "online"]
[Date "2020.05.21"]
[Round "6.74"]
[White "Vitvitska, Vasylyna"]
[Black "Pannu, Aaron"]
[Result "0-1"]
[WhiteElo "1187"]
[BlackElo "1240"]
[PlyCount "32"]
[EventDate "2020.05.21"]
[WhiteTeam "St Albans Early Knights 3"]
[BlackTeam "Robin Hoods 3"]

1. e4 e5 2. Nf3 Nc6 3. Bc4 Bc5 4. b4 Nxb4 5. Nxe5 Qe7 6. d4 Nf6 7. c3 Nc6 8.
Bg5 d6 9. d5 Nxe5 10. Qa4+ Bd7 11. Bb5 O-O 12. O-O Bxb5 13. Qxb5 b6 14. Nd2 Qd7
15. Qa6 Nh5 16. g3 Qh3 0-1

[Event "Junior Online 4NCL Division 4"]
[Site "online"]
[Date "2020.05.21"]
[Round "6.75"]
[White "Cham, Alex"]
[Black "Babu, Rohan"]
[Result "1-0"]
[WhiteElo "1307"]
[BlackElo "1255"]
[PlyCount "63"]
[EventDate "2020.05.21"]
[WhiteTeam "St Albans Early Knights 3"]
[BlackTeam "Robin Hoods 3"]

1. d4 d5 2. Bf4 Nf6 3. e3 Bf5 4. Bd3 Bxd3 5. Qxd3 Nc6 6. c3 e6 7. Nf3 Bd6 8.
Bg3 Bxg3 9. hxg3 Qd6 10. Nbd2 Ne7 11. O-O-O O-O-O 12. Ng5 Rdf8 13. Nxh7 Ng4 14.
Nxf8 Rxf8 15. Rdf1 e5 16. f3 Nf6 17. e4 exd4 18. cxd4 Qxg3 19. Rfg1 dxe4 20.
Nxe4 Qf4+ 21. Kb1 Nxe4 22. Qxe4 Qf6 23. Rc1 Qb6 24. Qxe7 Rd8 25. Qxf7 Rxd4 26.
Qxg7 Rd2 27. Rh8+ Rd8 28. Rxd8+ Kxd8 29. Rd1+ Ke8 30. Re1+ Kd8 31. Qe7+ Kc8 32.
Qe8# 1-0

[Event "Junior Online 4NCL Division 4"]
[Site "online"]
[Date "2020.05.21"]
[Round "6.76"]
[White "Humphreys, Benjamin"]
[Black "Ravithas, Abinash"]
[Result "0-1"]
[WhiteElo "1255"]
[BlackElo "1285"]
[PlyCount "30"]
[EventDate "2020.05.21"]
[WhiteTeam "Robin Hoods 3"]
[BlackTeam "St Albans Early Knights 3"]

1. e4 e5 2. Bc4 Nf6 3. Nc3 Bc5 4. Nf3 Nc6 5. O-O d6 6. Ng5 O-O 7. d3 h6 8. Nf3
Bg4 9. b3 Nd4 10. Be3 Nxf3+ 11. gxf3 Bh3 12. Bxc5 dxc5 13. Re1 Nd7 14. Nd5 Qg5+
15. Kh1 Qg2# 0-1

[Event "Junior Online 4NCL Division 4"]
[Site "online"]
[Date "2020.05.21"]
[Round "6.77"]
[White "Owladi, Dara"]
[Black "Krasnov, Maksim"]
[Result "1-0"]
[WhiteElo "1277"]
[BlackElo "1247"]
[PlyCount "43"]
[EventDate "2020.05.21"]
[WhiteTeam "St Albans Early Knights 3"]
[BlackTeam "Robin Hoods 3"]

1. e4 e5 2. Nc3 Bc5 3. Nf3 Nf6 4. Nxe5 d6 5. Nf3 Nc6 6. d4 Bb4 7. Bd3 Qe7 8.
Qe2 d5 9. e5 Nd7 10. O-O f6 11. Bf4 Bxc3 12. bxc3 O-O 13. e6 Nb6 14. Rfe1 Re8
15. Bf5 g6 16. Bh3 f5 17. Ng5 Nd8 18. Nf7 Bxe6 19. Nh6+ Kf8 20. Qe5 Rc8 21.
Qh8+ Bg8 22. Qxg8# 1-0

[Event "Junior Online 4NCL Division 4"]
[Site "online"]
[Date "2020.05.21"]
[Round "6.78"]
[White "Pannu, Aaron"]
[Black "Vitvitska, Vasylyna"]
[Result "1-0"]
[WhiteElo "1240"]
[BlackElo "1187"]
[PlyCount "55"]
[EventDate "2020.05.21"]
[WhiteTeam "Robin Hoods 3"]
[BlackTeam "St Albans Early Knights 3"]

1. e4 e5 2. Nf3 Nc6 3. d4 d5 4. exd5 Qxd5 5. Nc3 Qe6 6. d5 Qd6 7. dxc6 bxc6 8.
Qxd6 Bxd6 9. Bc4 Bf5 10. Ng5 Nf6 11. Nxf7 Rf8 12. Nxd6+ cxd6 13. Bd3 e4 14. Be2
O-O-O 15. O-O Rfe8 16. Be3 d5 17. Bxa7 d4 18. Na4 d3 19. cxd3 exd3 20. Bf3 d2
21. Bxc6 Re2 22. Nc3 Re6 23. Bf3 Rde8 24. Be3 Rd8 25. Rfd1 Bc2 26. Rxd2 Rxd2
27. Bxd2 Bd3 28. h3 1-0

[Event "Junior Online 4NCL Division 4"]
[Site "online"]
[Date "2020.05.21"]
[Round "6.81"]
[White "Gauri, Dhairye"]
[Black "Guha, Anuraag"]
[Result "1-0"]
[WhiteElo "1435"]
[BlackElo "1277"]
[PlyCount "53"]
[EventDate "2020.05.21"]
[WhiteTeam "Uxbridge Juniors A"]
[BlackTeam "Warwickshire Bears E"]

1. e4 e5 2. Nf3 Nc6 3. Bc4 Nf6 4. Ng5 d5 5. exd5 Nxd5 6. Qf3 Qxg5 7. Bxd5 Qg6
8. Be4 Qe6 9. O-O Qg4 10. Bxc6+ Kd8 11. Qd3+ Bd6 12. Bf3 Qe6 13. Nc3 f5 14. Bd5
Qg6 15. Qe2 Re8 16. Bf3 e4 17. Bh5 Qh6 18. d4 g6 19. Bxh6 gxh5 20. Qxh5 Rg8 21.
Bg5+ Be7 22. Bxe7+ Kxe7 23. Qxh7+ Kf8 24. Nd5 Rg7 25. Qh8+ Rg8 26. Qf6+ Ke8 27.
Qe7# 1-0

[Event "Junior Online 4NCL Division 4"]
[Site "online"]
[Date "2020.05.21"]
[Round "6.82"]
[White "Sagyaman, Vassily M"]
[Black "Knight, Samuel"]
[Result "1-0"]
[WhiteElo "1232"]
[BlackElo "1382"]
[PlyCount "93"]
[EventDate "2020.05.21"]
[WhiteTeam "Warwickshire Bears E"]
[BlackTeam "Uxbridge Juniors A"]

1. e4 e6 2. Nf3 d5 3. exd5 exd5 4. d4 Bf5 5. c4 c6 6. Nc3 Nf6 7. Bf4 Bd6 8. Bg3
O-O 9. Be2 Bxg3 10. hxg3 Re8 11. O-O Nbd7 12. Bd3 Bg4 13. Be2 b6 14. Qc2 dxc4
15. Bxc4 c5 16. dxc5 Nxc5 17. Rad1 Qc7 18. Ng5 Ne6 19. Nxe6 fxe6 20. Be2 Bxe2
21. Qxe2 e5 22. Ne4 Nxe4 23. Qxe4 Rad8 24. Rxd8 Rxd8 25. Qa4 Rd4 26. Qb3+ Kh8
27. Qf3 h6 28. Qe3 e4 29. Qxd4 Qc2 30. Qd8+ Kh7 31. Rd1 Qxb2 32. Rd7 Qb1+ 33.
Kh2 Qb5 34. Qh4 Qe2 35. Re7 Qxf2 36. Qxe4+ Kg8 37. Qe6+ Kh7 38. Qe4+ Kg8 39.
Qg6 Qf6 40. Re8+ Qf8 41. Qe6+ Kh7 42. Rxf8 b5 43. Qg8+ Kg6 44. Qe6+ Kh7 45. Rf7
b4 46. Qe5 b3 47. Qxg7# 1-0

[Event "Junior Online 4NCL Division 4"]
[Site "online"]
[Date "2020.05.21"]
[Round "6.83"]
[White "Bhat, Advay"]
[Black "Purushothaman, Amitesh"]
[Result "0-1"]
[WhiteElo "1360"]
[BlackElo "1285"]
[PlyCount "65"]
[EventDate "2020.05.21"]
[WhiteTeam "Uxbridge Juniors A"]
[BlackTeam "Warwickshire Bears E"]

1. e4 c5 2. Nf3 e6 3. d4 cxd4 4. Nxd4 Nc6 5. Nxc6 bxc6 6. Nc3 Qc7 7. Bd3 Nf6 8.
Bg5 Be7 9. O-O O-O 10. Re1 d6 11. Qf3 h6 12. Bh4 Bb7 13. Bg3 Qd7 14. Qe3 a6 15.
e5 dxe5 16. Qxe5 Rfd8 17. Bh4 Ng4 18. Qe4 Bxh4 19. Qh7+ Kf8 20. Qh8+ Ke7 21.
Qxg7 Rg8 22. Qh7 c5 23. g3 Bf6 24. Red1 Rg7 25. Bg6 Qxd1+ 26. Rxd1 Rxh7 27.
Bxh7 Bf3 28. Rd3 Ne5 29. Re3 Rh8 30. Bd3 Nxd3 31. cxd3 Bc6 32. f4 Bd4 33. Nd5+
0-1

[Event "Junior Online 4NCL Division 4"]
[Site "online"]
[Date "2020.05.21"]
[Round "6.84"]
[White "Gibara, Astrid"]
[Black "Das, Devorshi"]
[Result "1-0"]
[WhiteElo "1187"]
[BlackElo "1120"]
[PlyCount "45"]
[EventDate "2020.05.21"]
[WhiteTeam "Warwickshire Bears E"]
[BlackTeam "Uxbridge Juniors A"]

1. e4 e5 2. Nf3 Nc6 3. Nc3 d6 4. d4 exd4 5. Nxd4 Nxd4 6. Qxd4 Nf6 7. e5 dxe5 8.
Qxe5+ Be7 9. Nb5 Bd7 10. Nxc7+ Kf8 11. Nxa8 Qxa8 12. Bb5 Bxb5 13. Qxb5 a6 14.
Qd3 Qb8 15. O-O Ng4 16. g3 Bh4 17. Bf4 Qc8 18. gxh4 Ke7 19. Qe4+ Kd8 20. Rad1+
Qd7 21. Rxd7+ Kxd7 22. Rd1+ Kc8 23. Qc4# 1-0